| 000 | 00737nam a2200217 4500 | ||
|---|---|---|---|
| 001 | 140063 | ||
| 003 | ES-MaACL | ||
| 005 | 20250822092938.0 | ||
| 007 | t| | ||
| 008 | 070214s1978 sp r ||||1| spa d | ||
| 100 | 1 |
_aSchmuck, Richard A. _9104535 |
|
| 245 | 1 | 0 |
_aHacia una psicología humanística de la educación / _cRichard A. Schmuck y Patricia A. Schmuck ; [traducción de Josefina Díez Méndez]. |
| 260 |
_aMadrid : _bAnaya, _c1978. |
||
| 300 |
_a334 p. ; _c24 cm. |
||
| 490 | 1 | _aCiencias de la Educación | |
| 700 | 1 |
_aDíez Méndez, Josefina. _944751 |
|
| 700 | 1 |
_aSchmuck, Patricia A. _9104534 |
|
| 830 | 0 | 0 |
_aCiencias de la educación (Anaya) _9231470 |
| 852 |
_aES-MaACL _jA-9785 _bR.98846 |
||
| 999 |
_c140063 _d140063 |
||